000 nam a22 a 4500
999 _c181761
_d181761
003 BLK
005 20230328155255.0
008 180411b bul|||||r ||||||| ||bul||
010 _aKNG00190667000
020 _a954-07-0035-3
040 _aBLK
041 _aBUL
_cBUL
080 _aПолитическа география
_b911.3:32
_z911.3:32
080 _aГеополитика
_b327:911.3
_z327:911.3
139 _aГеография - геополитика
_bГ 34
245 1 0 _aГеография - геополитика
_bСб. изследвания : Кн. 1 -
_cсъстав. Марин Петров Бъчваров; състав. Стефан Петров Карастоянов; авт. на том Стефан Петров Карастоянов; * Жорж Превелакис; * Виганд Ритер; * В. А. Дъглас Джексън; * Сергей Борисович Лавров; * Николай Маратович Межевич; * Петер Йордан; * Мишел Сивиньон; * Стефан Борисов Велев; * Мишел Фуше.
_nКн. 1
257 _aSB
260 _aСофия
_bУнив. изд. Св. Климент Охридски
_c1992 -
_9209716
_n978-954-07- ; 954-9399-
300 _c20 см
380 _a91
500 _aОфс. изд.
650 4 _aПолитическа география
_9257535
653 _aгеополитика
653 _aполитическа география
653 _aмеждународни отношения
700 1 _aБъчваров, Марин Петров
_eсъстав.
_9364621
700 1 _aКарастоянов, Стефан Петров
_eсъстав.
_9365385
700 1 _aКарастоянов, Стефан Петров
_eавт. на том
_9365385
700 1 _aПревелакис, Жорж
_e*
_9342705
700 1 _aРитер, Виганд
_e*
_9342706
700 1 _aДжексън, В. А. Дъглас
_e*
_9342707
700 1 _aЛавров, Сергей Борисович
_e*
_9342708
700 1 _aМежевич, Николай Маратович
_e*
_994569
700 1 _aЙордан, Петер
_e*
_9342709
700 1 _aСивиньон, Мишел
_e*
_9120009
700 1 _aВелев, Стефан Борисов
_e*
_9380784
700 1 _aФуше, Мишел
_e*
_9342710
760 1 _dУнив. изд. Св. Климент Охридски, 1992
_h168 с. : с к.
_nДруги авт. : Ж. Превелакис, В. Ритер, В. А. Дъглас Джексън, С. Лавров, Н. Межевич, П. Йорданов, М. Сивиньон, М. Бъчваров, Ст. Велев, М. Фуше. - Кн. е съвместен труд на бълг., фр., нем., амер., рус. и австр. авт. - тир. - 2 065 тир. - Библиогр. след отд. материали ; Рез. на англ. ез.
_tКн. 1
852 _aЦб 171405
_bЦб
856 4 _qpdf
_i0.00
_ldisable
856 4 _qpdf
_i0.00
_ldisable
942 _cKNG
_n0
_s1
944 _aCR
_c19.09.2016
_lф /
_kЛюдмила_Стоянова
944 _aED
_c19.09.2016
_lф /
_kЛюдмила_Стоянова
999 _d181761